000 00829nas a2200277 4500
001 BR2012000088
003 BR-BrBNA
005 20231205115932.0
007 ta
008 230509b bl.|||p| |||| 00| 00por d
040 _aBR-BrBNA
_bpor
_cBiblioteca Nacional de Agricultura
041 _a(Pt)
072 _aL60
100 1 _aModro, A.F.H.
100 1 _aMarchini, L.C.
100 1 _aMoreti, A.C. de C.C.
245 1 _aOrigem botânica de cargas de pólen de colmeias de abelhas africanizadas em Piracicaba, SP
650 _aABELHA AFRICANA
650 _aTAXONOMIA ANIMAL
650 _aCLIMA
650 _aPÓLEN
650 _aQUALIDADE
773 0 _tCiência Rural (Brazil)
_xISSN 0103-8478
_g(Nov 2011), v. 41(11) p. 1944-1951
_wBR2012000088
909 _a202311
_bLúcia
_c55
_dLúcia Elande
942 _2AGRIS
_n0
_cANA
999 _c216373
_d216373